00612 2200217 4500001002100000005001700021008004100038035002400079082001100103090002300114100002700137245006200164250001700226260003400243300003100277650003300308850001300341985000600354986001300360999002100373YOGYA-0209000005691720090227034123.0 ind  0010-020900000056917 a510.78 a510.78bSud AlDEP aSUDIBYONO, Agt. Hanung aAplikasi macro lotus 1-2-3 releasecAgt. Hanung Sudibyono aEd.1, cet. 1 aYogyakartabAndi Offsetc1990 aviii, 136 hlmbilusc23 cm aKomputer - Macro Lotus 1-2-3 aYOPDYOGM a1 aPklrtrev a90-254 h CB-D.11